Normal view
MARC view
- العكايلة ، عبدالله ماجد
Entry Personal Name
001 - CONTROL NUMBER
- control field: 25038
003 - CONTROL NUMBER IDENTIFIER
- control field: JO-AjAnu
005 - DATE AND TIME OF LATEST TRANSACTION
- control field: 20230606074302.0
008 - FIXED-LENGTH DATA ELEMENTS
- fixed length control field: 230606|| aca||aabn | a|a d
040 ## - CATALOGING SOURCE
- Original cataloging agency: JO-AjAnu
- Transcribing agency: JO-AjAnu
100 ## - HEADING--PERSONAL NAME
- Personal name: العكايلة ، عبدالله ماجد
670 ## - SOURCE DATA FOUND
- Source citation: Work cat.: (JO-AjAnu)12881: العكايلة ، عبدالله ماجد , author, الوجيز في الضبطية القضائية : دراسة تحليلية تأصيلية نقدية مقارنة في القوانين العربية والأجنبية